00247nam a2200085 4500082001700000100002000017245008100037260003300118300001000151 aSNT Z44 Sa82 aSatapathy, K.M. aA Handbook of IRDP planning, monitoring and co-ordinationcby K.M. Satapathy aBhubaneswarbSatapathyc1992 a139p.